Statistics for Spanish Canary Islands

Click here to take the quiz!

General Stats

  • This quiz has been taken 56 times
  • The average score is 5 of 7

Answer Stats

PopulationAnswer% Correct
889,936Tenerife
96%
139,000Lanzarote
90%
838,397Gran Canaria
88%
103,167Fuerteventura
80%
86,528La Palma
64%
10,162El Hierro
54%
21,952La Gomera
50%

Score Distribution

Percentile by Number Answered

Percent of People with Each Score

Your Score History

You have not taken this quiz